Responsabilidades en la construccion : (Registro nro. 5706)

Detalles MARC
000 -LEADER
longitud fija campo de control 00662Cam#a22002297a#4500
003 - IDENTIFICADOR DE NUMERO DE CONTROL
control del campo AR-RoUNA
005 - FECHA DE LA ULTIMA MODIFICACION
control del campo 20190731122641.0
008 - CAMPO DE CONTROL - LIBROS
longitud fija campo de control 140326s1986||||ag|||||| |||| 0|spa d
040 ## - ORIGEN DE LA CATALOGACION
Agencia que cataloga la obra original AR-RoUNA
Idioma en que se cataloga spa
041 0# - CODIGO DE IDIOMA
Codigo de idioma del texto / sonido o titulo separado spa
080 ## - CDU
Numero de clasificacion 347.2
092 ## - SIGNATURA TOPOGRAFICA
Seccion Edil
Numero de clasificacion 347.2
Libristica R671
100 1# - ASIENTO PRINCIPAL - NOMBRE PERSONAL
Nombre personal Rocca, Ival..
9 (RLIN) 22912
245 10 - TITULO PROPIAMENTE DICHO
Titulo Responsabilidades en la construccion :
Subtitulo propietario y comitente, empresarios /
Mencion de responsabilidad, etc Ival Rocca, Gerardo Sabbatiello.
260 ## - EDITORIAL - PUBLICACION, DISTRIBUCION, ETC. (Pie de imprenta)
Lugar de publicacion, distribucion, etc Buenos Aires :
Nombre del editor, distribuidor, etc Bias Editora,
Fecha de publicacion 1986.
300 ## - DESCRIPCION FISICA
Extension 429 p. ; :
Dimensiones 23 cm.
650 #4 - MATERIA - TERMINO TEMATICO
Término temático general Responsabilidad en la construccion
908 ## - SOPORTE
Soporte
930 ## - ACCESION
Numero de accesion (NR) 10353
942 ## - FUENTE DE CLASIFICACION
Clasificacion
Tipo de item Libro
945 ## - INFORMACION DE PROCESAMIENTO
Codigo del operador MTC
Existencias
Estado retiro Estado perdido Sistema de clasificacion Estado general Biblioteca de origen Ubicacion actual Localizacion en estante Fecha de adquisicion Fuente de adquisicion Precio normal de compra Enumeración cronológicar: Prestamos totales Signatura y librística Proveedor Numero de ejemplar Tipo de elemento KOHA
Disponible Disponible udc No dañado Arq. Hilarión H. Larguia Arq. Hilarión H. Larguia Edil 29/05/2014 Don 75.00 Exp. UNR 70945/202   347.2 R671 14692 ej. 1 Libro